00528nam a2200193Ia 4500003000900000008004100009040001300050040001300063041000800076100002000084245003800104250001200142260001200154260000900166300001200175490002500187490000600212600011600218IT-RoPAU120407s9999 xx 000 0 und d aIT-RoPAU cIT-RoPAU aita aGerhard von Rad aTeologia dell’Antico Testamento aBrescia aPaideia c1974 c22,5 cm aBiblioteca Teologica v1 a"1° v. Teologia delle tradizioni storiche d’Israele 2° v. Teologia delle tradizioni profetiche d’Israele"